00535nam a22001217a 4500008004100000040005500041080001200096245017500108260004900283300001600332500004900348650001600397230428b |||||||| |||| 00| 0 eng d aNational Science LibrarycNational Science Library a539(05) aNuclear physics and soild state physics symposiumc/ Proceedings of the nuclear physics and solid state physics symposium 1969 University of Roorkee, 28-31 December, 1969 aIndia: bDepartment of Atomic Energy, c1969 aviii, 441p. aVol. II Nuclear physics (Contributed papers) aProceedings